| 000 | 01478nam a2200253 a 4500 | ||
|---|---|---|---|
| 001 | 001053583 | ||
| 003 | AM-YeHGA | ||
| 005 | 20250618074343.0 | ||
| 008 | 150114s2014 ai r 000 0 arm d | ||
| 020 | _a9789939502724 | ||
| 040 | _aAM-YeHGA | ||
| 041 | 0 | _aarm | |
| 245 | 0 | 0 |
_aԱրևմտահայերենի և արևելահայերենի տերմինային համակարգերի զուգադրական քննություն / _cԿազմ.՝ Ն.Գ. Հովհաննիսյան, Ս.Կ. Տիոյան, Ա.Ս. Գալստյան; ՀՀ Սփյուռքի նախարարություն. |
| 246 | 1 | 5 | _aСопостовительное исследование терминов западноармянского и восточноармянского языков / |
| 260 |
_aԵրևան : _bԱսողիկ, _c2014. |
||
| 300 |
_a230 էջ ; _c21 սմ. |
||
| 650 | 1 | 4 |
_aԱրևմտահայերենի լեզու _xՏերմինային համակարգի զուգադրական քննություն արևելահայերենի հետ |
| 650 | 1 | 4 |
_aՀայոց լեզու _xՏերմինային համակարգի զուգադրական քննություն արևմտահայերենի հետ |
| 700 | 1 |
_aՀովհաննիսյան, Ն.Գ _eկազմ. _4com |
|
| 700 | 1 |
_aՏիոյան, Սուսաննա Կարապետի, _d1945- _eկազմ. _4com _94067 |
|
| 700 | 1 |
_aԳալստյան, Ա.Ս. _eկազմ. _4com |
|
| 710 | 2 | _aՀՀ Սփյուռքի նախարարություն | |
| 090 | _c344950 | ||
| 999 |
_c343154 _d343154 |
||